00000000nam 2200000zi 4500
0019.915380
003CaOODSP
00520250129134421
006m     o  d f      
007cr mn|||||||||
008220913e202211##quca    obs  f000 0 eng d
020 |a9780660454474
040 |aCaOODSP|beng|erda|cCaOODSP
043 |an-cn---
045 |ay2y2
0861 |aEn4-144/21-2022E-PDF
24500|aCanadian environmental sustainability indicators : |becological integrity of national parks.
24610|aEcological integrity of national parks
250 |a[November 2022 edition].
264 1|aGatineau QC : |bEnvironment and Climate Change Canada = Environnement et changement climatique Canada, |cNovember 2022.
264 4|c©2022
300 |a1 online resource (16 pages) : |bcolour illustrations
336 |atext|btxt|2rdacontent
337 |acomputer|bc|2rdamedia
338 |aonline resource|bcr|2rdacarrier
500 |aIssued also in French under title: Indicateurs canadiens de durabilité de l'environnement : intégrité écologique des parcs nationaux.
500 |a"Project code: EC22011"--Page 2.
504 |aIncludes bibliographical references.
520 |a"According to the Canada National Parks Act, "ecological integrity" is with respect to a park, a condition that is determined to be characteristic of its natural region and likely to persist, including abiotic components and the composition and abundance of native species and biological communities, rates of change and supporting processes. In other words, ecosystems have integrity when their native components, such as native species, biological communities, natural landscapes, and ecological functions, are intact and are likely to persist. The ecological integrity of national parks is assessed by monitoring representative components of major park ecosystems, such as forest, freshwater and wetlands. It is a key measure of the condition of national parks"--Page 5.
650 0|aNational parks and reserves|zCanada.
650 0|aEcological integrity|zCanada|vStatistics.
650 0|aEnvironmental indicators|zCanada.
655 7|aStatistics|2lcgft
7101 |aCanada. |bEnvironment and Climate Change Canada, |eissuing body.
77508|tIndicateurs canadiens de durabilité de l'environnement : |w(CaOODSP)9.915381
794 |tCanadian environmental sustainability indicators : |b(August 2023)|w(CaOODSP)9.925276
795 |tCanadian environmental sustainability indicators : |b(October 2021)|w(CaOODSP)9.901965
85640|qPDF|s890 KB|uhttps://publications.gc.ca/collections/collection_2023/eccc/en4/En4-144-21-2022-eng.pdf
8564 |qHTML|sN/A|uhttps://www.canada.ca/en/environment-climate-change/services/environmental-indicators/ecological-integrity-national-parks.html
986 |aEC22011